The satanic verses

Αποθηκεύτηκε σε:
Λεπτομέρειες βιβλιογραφικής εγγραφής
Κύριος συγγραφέας: Rushdie, Salman
Μορφή: Βιβλίο
Γλώσσα:English
Δημοσίευση: Dover : The Consortium, 1988.
Θέματα:
Ετικέτες: Προσθήκη ετικέτας
Δεν υπάρχουν, Καταχωρήστε ετικέτα πρώτοι!

MARC

LEADER 00000cam a2200000 a 4500
001 1/121100
008 200317s1988####uk ||||||| |||| ||eng||
020 |a 0963270702 
040 |a GR-MyUa  |b gre  |c GR-MyUa  |e AACR2 
041 0 |a eng 
082 7 |a 823.914  |2 (23) 
100 1 |a Rushdie, Salman. 
245 1 4 |a The satanic verses /   |c Salman Rushdie.  
260 |a Dover :   |b The Consortium,   |c 1988.  
300 |a 547 σ. ;   |c 22 εκ.  
651 0 |a London (England)  |v Fiction. 
852 |a INST  |b LESVOS  |e 20200317  |h 823.914 RUS  |p 005100062570  |q 005100062570  |t BK  |y 0 
920 |a Τράκα  |b Ντιάνα  |z 2015 
970 |a Δημάκη  |b Μαρία  |z 17-03-2020